El resurgimiento de la historia política: problemas y perspectivas /
Kaydedildi:
| Yazar: | |
|---|---|
| Materyal Türü: | Metin |
| Etiketler: |
Etiketle
Etiket eklenmemiş, İlk siz ekleyin!
|
MARC
| LEADER | 00000 a a2200000 04500 | ||
|---|---|---|---|
| 001 | 40858 | ||
| 003 | |||
| 040 | |||
| 100 | |a Halperin Donghi, Tulio | ||
| 245 | |a El resurgimiento de la historia política: |b problemas y perspectivas / |c Tulio Halperín Donghi | ||
| 773 | |g páginas 7-30 | ||
| 999 | |c 26477 |d 26477 | ||
